Random Book Trivia - Statistics

General Stats
  • This quiz has been taken 21 times
  • The average score is 3 of 15
Answer Stats
Hint Answer % Correct
How many books are in the Harry Potter series? 7
89%
In this book, Scout has grown up. Go set a Watchman
26%
Who was Frankenstein? A doctor
21%
In Monty And Me, who is Monty? a dog
16%
Who wrote Farmer Boy? Laura Ingalls Wilder
16%
Who wrote the A Murder Most Unladylike series? Robin Stevens
16%
Who wrote the original Sherlock Holmes? Sir Arthur Conan Doyle
16%
How many stories are in the complete Sherlock Holmes series? 56
11%
In David Baddiel's book The person controller, what are the names of the twins? Fred and Ellie
11%
According to JRR Tolkien, what goes up and up and up but never grows? Mountains
11%
Complete this title, The Dancing ______ Bear
5%
Who wrote The Sky Is Everywhere? Jandy Nelson
5%
Who wrote Yes No Maybe? Liz Pichon
5%
In this book, three orphans meet their uncle for the first time. The Bad Beginning
5%
Which author uses a ghost writer? Zoe Sugg
5%
No matching quizzes found
Score Distribution
Percent of People with Each Score
Percentile by Number Answered
Your Score History
You have not taken this quiz